000
00312nam a2200109Ia 4500
008
160531s9999 xx 000 0 und d
100
_a
Mesquita, Amir Zacarias.
245
_a
Nuclear Reactors
245
_c
by Amir Zacarias Mesquita
260
_c
2012
856
_u
http://www.intechopen.com/books/nuclear-reactors
999
_c
295236
_d
295236